Sports Quiz

Random Sports or Baseball Quiz

Philadelphia Phillies No-Hitters Quiz Stats

 Plays Quiz not verified by Sporcle

Challenge
Share
Tweet
Embed
Score 0/13 Timer 02:00
0 Plays Today
Date Pitcher % Correct
May 29, 2010 (P)Roy Halladay
93.8%
October 6, 2010 (PS)Roy Halladay
93.8%
June 21, 1964 (P)Jim Bunning
86.3%
September 1, 2014 (C)Cole Hamels, Jake Diekman, Ken Giles, and Jonathan Papelbon
83.3%
July 25, 2015Cole Hamels
80%
April 27, 2003Kevin Millwood
75%
August 15, 1990Terry Mulholland
72.5%
May 23, 1991Tommy Greene
70%
June 23, 1971Rick Wise
62.5%
August 29, 1885Charlie Ferguson
8.8%
May 1, 1906Johnny Lush
7.5%
September 18, 1903Chick Fraser
5%
July 8, 1898Red Donahue
3.8%

You're not logged in!

Compare scores with friends on all Sporcle quizzes.
OR
Log In

You Might Also Like...

Show Comments

Extras

Top Quizzes Today


Score Distribution

Your Account Isn't Verified!

In order to create a playlist on Sporcle, you need to verify the email address you used during registration. Go to your Sporcle Settings to finish the process.

Report this User

Report this user for behavior that violates our Community Guidelines.

Details: